• 首页
  • 本馆介绍
  • 公告通知
  • 最新文献
  • 馆藏检索
  • 电子资源
  • 读者导购
  • 参考咨询
  • 我的图书馆
  • 登录
  • 详细信息显示
  • 放入我的书架
  • 预约/预借图书
  • 作者相关作品
  • 分类相关作品
  • 丛书相关作品
  • 出版社相关作品

书目信息

  • 表格格式
  • 工作单格式
  • 卡片格式
题名:
西柏坡精神
    
 
作者: 何虎生 著
分册:  
出版信息: 合肥   安徽教育出版社  2019
页数: 155页
开本: 23cm
丛书名: 红色初心丛书
单 册:
中图分类: D261.3
科图分类:
主题词:
电子资源:
ISBN: 978-7-5336-8806-6
000 00978oam2 2200253 450
001 2270146425
005 20220917193002.25
010    @a978-7-5336-8806-6@dCNY25.00
100    @a20190508d2019 em y0chiy50 ea
101 0  @achi
102    @aCN@b340000
105    @ay az 000yy
200 1  @a西柏坡精神@9xi bai po jing shen@f何虎生著
210    @a合肥@c安徽教育出版社@d2019
215    @a155页@d23cm
225 2  @a红色初心丛书
320    @a有书目(第152-153页)
330    @a西柏坡精神基本内涵十分丰富,既有在革命方面敢于斗争、敢于胜利的进去精神,也有在建设方面依靠群众、坚持人民参政的民主精神,更有在党的自身建设方面不骄不躁、艰苦奋斗的创业精神,有着强烈的时代价值。本书用详实的史料和生动的文笔,对西柏坡精神进行了梳理和描述,是在新时期对西柏坡精神的深入研究和发扬光大。
461  0 @12001 @a红色初心丛书
601 02 @a中国共产党@x党的作风@j学习参考资料
690    @aD261.3@v5
701  0 @a何虎生@9he hu sheng@4著
801  0 @aCN@b91MARC@c20190508
905    @aZUCC@dD261.3@e112
    
    西柏坡精神/何虎生著.-合肥:安徽教育出版社,2019
    155页;23cm.-(红色初心丛书)
    
    
    ISBN 978-7-5336-8806-6:CNY25.00
    西柏坡精神基本内涵十分丰富,既有在革命方面敢于斗争、敢于胜利的进去精神,也有在建设方面依靠群众、坚持人民参政的民主精神,更有在党的自身建设方面不骄不躁、艰苦奋斗的创业精神,有着强烈的时代价值。本书用详实的史料和生动的文笔,对西柏坡精神进行了梳理和描述,是在新时期对西柏坡精神的深入研究和发扬光大。
●
相关链接 在五车中查询图书 在当当中查询图书 在豆瓣中查询图书


正题名:西柏坡精神     索取号:D261.3/112         预约/预借

序号 登录号 条形码 馆藏地/架位号 状态 备注
1 2000896858   2000896858   第三书库/ [索取号:D261.3/112] 在馆    
2 2000896859   2000896859   第三书库/ [索取号:D261.3/112] 在馆    
3 2000896860   2000896860   第三书库/ [索取号:D261.3/112] 在馆    
山东省滨州职业学院图书馆 欢迎您!
大连网信软件有限公司© 版权所有